000 00298nam a2200121Ia 4500
008 220216s9999 xx 000 0 und d
100 _aTan Ah Seng Modh Ali
245 0 _aPreparation of free-flowing NR crumbs
260 _bPlanter
_c1981
300 _a356-360
650 _aNR crumbs
942 _cJS
999 _c65595
_d65595